000 00824nas a2200277 4500
001 BR9213806
003 BR-BrBNA
005 20231205095124.0
007 ta
008 230509b bl.|||p| |||| 00| 00por d
040 _aBR-BrBNA
_bpor
_cBiblioteca Nacional de Agricultura
041 _a(Pt)
072 _aL10
100 1 _aCastro, T.A.M.G. de
100 1 _aMachado, C.E.P.
100 1 _aSilva, D.J. da
100 1 _aProcknor, M.
245 1 _aAtividades fosfatases acida e alcalina em semen de bovinos do tipo mantiqueira
650 _aBovino
650 _aSemen
650 _aInseminacao
650 _aReproducao Animal
773 0 _tBoletim de Industria Animal (Brazil)
_xISSN 0067-9615
_g(Jul-Dec 1986), v. 43(2) p. 223-230
_wBR9213806
909 _a202311
_bLúcia
_c55
_dLúcia Elande
942 _2AGRIS
_n0
_cANA
999 _c148805
_d148805